<?xml version="1.0" encoding="UTF-8"?>
<record
    xmlns:xsi="http://www.w3.org/2001/XMLSchema-instance"
    xsi:schemaLocation="http://www.loc.gov/MARC21/slim http://www.loc.gov/standards/marcxml/schema/MARC21slim.xsd"
    xmlns="http://www.loc.gov/MARC21/slim">

  <leader>01279cam a22004094a 4500</leader>
  <controlfield tag="001">9313340</controlfield>
  <controlfield tag="003">OSt</controlfield>
  <controlfield tag="005">20150408114127.0</controlfield>
  <controlfield tag="008">110603s2012    njua     b    001 0 eng  </controlfield>
  <datafield tag="010" ind1=" " ind2=" ">
    <subfield code="a">  2011023449</subfield>
  </datafield>
  <datafield tag="020" ind1=" " ind2=" ">
    <subfield code="a">9780132162760</subfield>
  </datafield>
  <datafield tag="020" ind1=" " ind2=" ">
    <subfield code="a">0132162768</subfield>
  </datafield>
  <datafield tag="035" ind1=" " ind2=" ">
    <subfield code="a">(OCoLC)ocn729064996</subfield>
  </datafield>
  <datafield tag="035" ind1=" " ind2=" ">
    <subfield code="a">(NNC)9313340</subfield>
  </datafield>
  <datafield tag="040" ind1=" " ind2=" ">
    <subfield code="a">Ma-un</subfield>
    <subfield code="c">DLC</subfield>
    <subfield code="d">YDX</subfield>
    <subfield code="d">YDXCP</subfield>
    <subfield code="d">CDX</subfield>
    <subfield code="d">BWX</subfield>
    <subfield code="d">IG#</subfield>
    <subfield code="d">BDX</subfield>
  </datafield>
  <datafield tag="042" ind1=" " ind2=" ">
    <subfield code="a">pcc</subfield>
  </datafield>
  <datafield tag="050" ind1="0" ind2="0">
    <subfield code="a">HG3881</subfield>
    <subfield code="b">.B436 2012</subfield>
  </datafield>
  <datafield tag="082" ind1="0" ind2="0">
    <subfield code="a">658.1599 BGI</subfield>
    <subfield code="2">23</subfield>
  </datafield>
  <datafield tag="100" ind1="1" ind2=" ">
    <subfield code="a">Bekaert, Geert.</subfield>
    <subfield code="9">34436</subfield>
  </datafield>
  <datafield tag="245" ind1="1" ind2="0">
    <subfield code="a">International financial management /</subfield>
    <subfield code="c">Geert Bekaert, Robert Hodrick.</subfield>
  </datafield>
  <datafield tag="250" ind1=" " ind2=" ">
    <subfield code="a">2nd ed.</subfield>
  </datafield>
  <datafield tag="260" ind1=" " ind2=" ">
    <subfield code="a">Boston :</subfield>
    <subfield code="b">Pearson,</subfield>
    <subfield code="c">c2012.</subfield>
  </datafield>
  <datafield tag="300" ind1=" " ind2=" ">
    <subfield code="a">xxix, 785 p. :</subfield>
    <subfield code="b">ill. ;</subfield>
    <subfield code="c">26 cm.</subfield>
  </datafield>
  <datafield tag="490" ind1="1" ind2=" ">
    <subfield code="a">The Prentice Hall series in finance</subfield>
  </datafield>
  <datafield tag="504" ind1=" " ind2=" ">
    <subfield code="a">Includes bibliographical references (p. 751) and index.</subfield>
  </datafield>
  <datafield tag="650" ind1=" " ind2="0">
    <subfield code="a">International finance.</subfield>
    <subfield code="9">15219</subfield>
  </datafield>
  <datafield tag="650" ind1=" " ind2="0">
    <subfield code="a">International business enterprises</subfield>
    <subfield code="x">Finance.</subfield>
    <subfield code="9">5442</subfield>
  </datafield>
  <datafield tag="650" ind1=" " ind2="0">
    <subfield code="a">Foreign exchange.</subfield>
  </datafield>
  <datafield tag="700" ind1="1" ind2=" ">
    <subfield code="a">Hodrick, Robert J.</subfield>
    <subfield code="9">34437</subfield>
  </datafield>
  <datafield tag="830" ind1=" " ind2="0">
    <subfield code="a">Prentice Hall finance series.</subfield>
    <subfield code="9">34438</subfield>
  </datafield>
  <datafield tag="942" ind1=" " ind2=" ">
    <subfield code="2">ddc</subfield>
    <subfield code="c">BOOK</subfield>
  </datafield>
  <datafield tag="948" ind1="1" ind2=" ">
    <subfield code="a">20120313</subfield>
    <subfield code="b">c</subfield>
    <subfield code="c">rad1</subfield>
    <subfield code="d">MPS</subfield>
  </datafield>
  <datafield tag="948" ind1="2" ind2=" ">
    <subfield code="a">20120313</subfield>
    <subfield code="b">a</subfield>
    <subfield code="c">rad1</subfield>
    <subfield code="d">MPS</subfield>
  </datafield>
  <datafield tag="948" ind1="2" ind2=" ">
    <subfield code="a">20130205</subfield>
    <subfield code="b">a</subfield>
    <subfield code="c">rad1</subfield>
    <subfield code="d">MPS</subfield>
  </datafield>
  <datafield tag="948" ind1="2" ind2=" ">
    <subfield code="a">20130205</subfield>
    <subfield code="b">a</subfield>
    <subfield code="c">rad1</subfield>
    <subfield code="d">MPS</subfield>
  </datafield>
  <datafield tag="999" ind1=" " ind2=" ">
    <subfield code="c">29119</subfield>
    <subfield code="d">263619</subfield>
  </datafield>
  <datafield tag="952" ind1=" " ind2=" ">
    <subfield code="1">0</subfield>
    <subfield code="2">2013-03-14</subfield>
    <subfield code="4">0</subfield>
    <subfield code="7">1</subfield>
    <subfield code="a">658.1599 BGI</subfield>
    <subfield code="c">1</subfield>
    <subfield code="d">2013-03-14</subfield>
    <subfield code="h">CL</subfield>
    <subfield code="i">00305448</subfield>
    <subfield code="m">CL</subfield>
    <subfield code="r">2013-03-14 00:00:00</subfield>
    <subfield code="t">BOOK</subfield>
    <subfield code="w">ddc</subfield>
    <subfield code="y">0</subfield>
  </datafield>
  <datafield tag="952" ind1=" " ind2=" ">
    <subfield code="1">0</subfield>
    <subfield code="2">2013-03-14</subfield>
    <subfield code="4">0</subfield>
    <subfield code="7">0</subfield>
    <subfield code="a">658.1599 BGI</subfield>
    <subfield code="c">2</subfield>
    <subfield code="d">2013-03-14</subfield>
    <subfield code="h">CL</subfield>
    <subfield code="i">00305449</subfield>
    <subfield code="m">CL</subfield>
    <subfield code="r">2013-03-14 00:00:00</subfield>
    <subfield code="t">BOOK</subfield>
    <subfield code="w">ddc</subfield>
    <subfield code="y">0</subfield>
  </datafield>
  <datafield tag="952" ind1=" " ind2=" ">
    <subfield code="1">0</subfield>
    <subfield code="2">2013-03-14</subfield>
    <subfield code="4">0</subfield>
    <subfield code="7">0</subfield>
    <subfield code="a">658.1599 BGI</subfield>
    <subfield code="c">3</subfield>
    <subfield code="d">2013-03-14</subfield>
    <subfield code="h">CL</subfield>
    <subfield code="i">00305450</subfield>
    <subfield code="m">CL</subfield>
    <subfield code="r">2013-03-14 00:00:00</subfield>
    <subfield code="t">BOOK</subfield>
    <subfield code="w">ddc</subfield>
    <subfield code="y">0</subfield>
  </datafield>
  <datafield tag="952" ind1=" " ind2=" ">
    <subfield code="1">0</subfield>
    <subfield code="2">2013-03-14</subfield>
    <subfield code="4">0</subfield>
    <subfield code="7">1</subfield>
    <subfield code="a">658.1599 BGI</subfield>
    <subfield code="c">1</subfield>
    <subfield code="d">2013-03-14</subfield>
    <subfield code="h">SRM</subfield>
    <subfield code="i">00305451</subfield>
    <subfield code="m">SRM</subfield>
    <subfield code="r">2013-03-14 00:00:00</subfield>
    <subfield code="t">BOOK</subfield>
    <subfield code="w">ddc</subfield>
    <subfield code="y">0</subfield>
  </datafield>
  <datafield tag="952" ind1=" " ind2=" ">
    <subfield code="1">0</subfield>
    <subfield code="2">2013-03-14</subfield>
    <subfield code="4">0</subfield>
    <subfield code="7">0</subfield>
    <subfield code="a">658.1599 BGI</subfield>
    <subfield code="c">2</subfield>
    <subfield code="d">2013-03-14</subfield>
    <subfield code="h">SRM</subfield>
    <subfield code="i">00305453</subfield>
    <subfield code="m">SRM</subfield>
    <subfield code="r">2013-03-14 00:00:00</subfield>
    <subfield code="t">BOOK</subfield>
    <subfield code="w">ddc</subfield>
    <subfield code="y">0</subfield>
  </datafield>
  <datafield tag="952" ind1=" " ind2=" ">
    <subfield code="1">0</subfield>
    <subfield code="2">2013-03-14</subfield>
    <subfield code="4">0</subfield>
    <subfield code="7">1</subfield>
    <subfield code="a">658.1599 BGI</subfield>
    <subfield code="c">1</subfield>
    <subfield code="d">2013-03-14</subfield>
    <subfield code="h">SRF</subfield>
    <subfield code="i">00305454</subfield>
    <subfield code="m">SRF</subfield>
    <subfield code="r">2013-03-14 00:00:00</subfield>
    <subfield code="t">BOOK</subfield>
    <subfield code="w">ddc</subfield>
    <subfield code="y">0</subfield>
  </datafield>
  <datafield tag="952" ind1=" " ind2=" ">
    <subfield code="1">0</subfield>
    <subfield code="2">2013-03-14</subfield>
    <subfield code="4">0</subfield>
    <subfield code="7">0</subfield>
    <subfield code="a">658.1599 BGI</subfield>
    <subfield code="c">2</subfield>
    <subfield code="d">2013-03-14</subfield>
    <subfield code="h">SRF</subfield>
    <subfield code="i">00305455</subfield>
    <subfield code="m">SRF</subfield>
    <subfield code="r">2013-03-14 00:00:00</subfield>
    <subfield code="t">BOOK</subfield>
    <subfield code="w">ddc</subfield>
    <subfield code="y">0</subfield>
  </datafield>
  <datafield tag="952" ind1=" " ind2=" ">
    <subfield code="1">0</subfield>
    <subfield code="2">2013-03-14</subfield>
    <subfield code="4">0</subfield>
    <subfield code="7">1</subfield>
    <subfield code="a">658.1599 BGI</subfield>
    <subfield code="c">1</subfield>
    <subfield code="d">2013-03-14</subfield>
    <subfield code="h">EZF</subfield>
    <subfield code="i">00305473</subfield>
    <subfield code="m">EZF</subfield>
    <subfield code="r">2013-03-14 00:00:00</subfield>
    <subfield code="t">BOOK</subfield>
    <subfield code="w">ddc</subfield>
    <subfield code="y">0</subfield>
  </datafield>
  <datafield tag="952" ind1=" " ind2=" ">
    <subfield code="1">0</subfield>
    <subfield code="2">2013-03-14</subfield>
    <subfield code="4">0</subfield>
    <subfield code="7">0</subfield>
    <subfield code="a">658.1599 BGI</subfield>
    <subfield code="c">2</subfield>
    <subfield code="d">2013-03-14</subfield>
    <subfield code="h">EZF</subfield>
    <subfield code="i">00305472</subfield>
    <subfield code="m">EZF</subfield>
    <subfield code="r">2013-03-14 00:00:00</subfield>
    <subfield code="t">BOOK</subfield>
    <subfield code="w">ddc</subfield>
    <subfield code="y">0</subfield>
  </datafield>
</record>
